| 000 | 00881cab a22002055a 4500 | ||
|---|---|---|---|
| 001 | L148014 | ||
| 008 | 090713e20090704xxk g 000 0 eng d | ||
| 035 | _a(Sirsi) u148014 | ||
| 041 | 0 | _aeng | |
| 100 | 1 | _aHill, Chris | |
| 245 | 0 | 0 | _aWindow of opportunity |
| 260 | _c2009 | ||
| 490 |
_aEstates Gazette _v(0926) 4 July 2009, 104-106(3) |
||
| 520 | _aWhen new developers acquire partially developed sites from distressed developers they need to assess how much work was done, what costs are required to complete the work, including liquidated damages, the value of retention, and liability for defective work and insurance. Also discusses how to structure the deal, safeguard the new developer and title issues on stalled developments. | ||
| 590 | _aKA | ||
| 651 | 4 |
_aUnited Kingdom _y |
|
| 690 | _aPROPERTY-PROPERTY DEVELOPMENT | ||
| 700 | 1 | _aWagerfield, Dan | |
| 942 | _n0 | ||
| 999 |
_c81703 _d81703 |
||